Statistics for Country Flags of Former Yugoslavia States

Click here to take the quiz!

General Stats

  • This quiz has been taken 246 times
    (150 since last reset)
  • The average score is 7 of 7

Answer Stats

Answer% Correct
Kosovo
100%
North Macedonia
100%
Slovenia
100%
Bosnia and Herzegovina
99%
Serbia
99%
Croatia
98%
Montenegro
98%

Score Distribution

Percentile by Number Answered

Percent of People with Each Score

Your Score History

You have not taken this quiz since the last reset